Catálogo - Centro de Recursos para el Aprendizaje y la Investigación
Volver al Sitio - CRAI Biblioteca| 000 -CABECERA | |
|---|---|
| campo de control de longitud fija | 01584nam a2200313Ia 4500 |
| 001 - NÚMERO DE CONTROL | |
| campo de control | 107338 |
| 003 - IDENTIFICADOR DEL NÚMERO DE CONTROL | |
| campo de control | DR-UNIBE |
| 005 - FECHA Y HORA DE LA ÚLTIMA TRANSACCIÓN | |
| campo de control | 20260318062558.0 |
| 008 - DATOS DE LONGITUD FIJA--INFORMACIÓN GENERAL | |
| campo de control de longitud fija | 00002012020 dr spa 0000000000spa00 |
| 020 ## - NÚMERO INTERNACIONAL ESTÁNDAR DEL LIBRO | |
| Número Internacional Estándar del Libro | 9789945613537. |
| 040 ## - FUENTE DE LA CATALOGACIÓN | |
| Centro catalogador/agencia de origen | BIBLIOTECA UNIBE |
| Centro/agencia transcriptor | BIBLIOTECA UNIBE |
| Lengua de catalogación | spa |
| Normas de descripción | rda |
| 041 ## - CÓDIGO DE LENGUA | |
| Código de lengua del texto/banda sonora o título independiente | spa |
| 082 0# - NÚMERO DE LA CLASIFICACIÓN DECIMAL DEWEY | |
| Número de clasificación | RD 868.42 D542de |
| 100 #0 - ENTRADA PRINCIPAL--NOMBRE DE PERSONA | |
| Nombre de persona | Vigil Díaz, |
| Forma completa/desarrollada del nombre | (Vigil Díaz, Otilio Andrés Marcelino Celestino), |
| Fechas asociadas al nombre | 1880-1961 |
| Término indicativo de función/relación | autor |
| 9 (RLIN) | 113570 |
| 245 14 - MENCIÓN DE TÍTULO | |
| Título | Del Sena al Ozama y Fata Morganas / |
| Mención de responsabilidad, etc. | Vigil Díaz ; edición: Andrés Blanco Díaz ; diagramación y portada: Editorial Santuario ; tarjeta de portada: Lucas Trías Castañer |
| 250 ## - MENCIÓN DE EDICIÓN | |
| Mención de edición | Primera edición |
| 260 4# - PUBLICACIÓN, DISTRIBUCIÓN, ETC. | |
| Lugar de publicación, distribución, etc. | Santo Domingo : |
| Nombre del editor, distribuidor, etc. | Archivo General de la Nación (AGN), |
| Fecha de publicación, distribución, etc. | 2020 |
| 300 4# - DESCRIPCIÓN FÍSICA | |
| Extensión | 356 páginas : |
| Otras características físicas | foto en b/n ; |
| Dimensiones | 22 x 15 cm |
| 490 ## - MENCIÓN DE SERIE | |
| Mención de serie | Archivo General de la Nación ; |
| Designación de volumen o secuencia | 386 |
| 500 ## - NOTA GENERAL | |
| Nota general | Información del autor en las solapas. Portada: fotografía vista parcial de la ciudad de Santo Domingo desde el Placer de los Estudios, tarjeta postal por Lucas Trías Castañer |
| 505 4# - NOTA DE CONTENIDO CON FORMATO | |
| Nota de contenido con formato | Presentación |<br/>Primera parte. <br/>A orillas del Sena |<br/>Segunda parte. <br/>A orillas del Ozama |<br/>Fata morganas |<br/>Índice onomástico<br/> |
| 650 #7 - PUNTO DE ACCESO ADICIONAL DE MATERIA--TÉRMINO DE MATERIA | |
| Fuente del encabezamiento o término | lemb |
| Término de materia o nombre geográfico como elemento de entrada | Ensayos dominicanos |
| 9 (RLIN) | 184920 |
| 650 #7 - PUNTO DE ACCESO ADICIONAL DE MATERIA--TÉRMINO DE MATERIA | |
| Fuente del encabezamiento o término | lemb |
| Término de materia o nombre geográfico como elemento de entrada | Literatura dominicana |
| 9 (RLIN) | 113420 |
| 951 ## - EQUIVALENCIA O REFERENCIA-CRUZADA--NOMBRE GEOGRÁFICO/NOMBRE DE ÁREA [OBSOLETO] [solamente CAN/MARC] | |
| Nombre geográfico | 20061022 10:18:00 |
| 700 10 - PUNTO DE ACCESO ADICIONAL--NOMBRE DE PERSONA | |
| Nombre de persona | Blanco Díaz, Andrés, |
| Fechas asociadas al nombre | 1954- |
| Término indicativo de función/relación | editor |
| 9 (RLIN) | 144547 |
| 700 10 - PUNTO DE ACCESO ADICIONAL--NOMBRE DE PERSONA | |
| Nombre de persona | Trías Castañer, Lucas |
| Término indicativo de función/relación | tarjeta postal de portada |
| 9 (RLIN) | 194309 |
| 710 10 - PUNTO DE ACCESO ADICIONAL--NOMBRE DE ENTIDAD CORPORATIVA | |
| Nombre de entidad corporativa o nombre de jurisdicción como elemento de entrada | Editorial Santuario |
| 9 (RLIN) | 165984 |
| Término indicativo de función/relación | diagramador |
| -- | diseñador de portada |
| 942 ## - ELEMENTOS DE PUNTO DE ACCESO ADICIONAL (KOHA) | |
| Tipo de ítem Koha | Libro (general) |
| Fuente del sistema de clasificación o colocación | Sistema de Clasificación Decimal Dewey |
| Estado de retiro | Estado de pérdida | Fuente del sistema de clasificación o colocación | No para préstamo | Código de colección | Localización permanente | Ubicación/localización actual | Fecha de adquisición | Total de préstamos | Signatura topográfica completa | Código de barras | Fecha visto por última vez | Fecha del último préstamo | Número de copia | Precio válido a partir de | Tipo de ítem Koha |
|---|---|---|---|---|---|---|---|---|---|---|---|---|---|---|---|
| Disponible | Sistema de Clasificación Decimal Dewey | General - Libros dominicanos | Biblioteca Central UNIBE | Biblioteca Central UNIBE | 16/04/2025 | 1 | RD 868.42 D542de | 210036 | 14/05/2025 | 14/05/2025 | Ej. 1 | 29/01/2020 | Libro (general) | ||
| Disponible | Sistema de Clasificación Decimal Dewey | General - Libros dominicanos | Biblioteca Central UNIBE | Biblioteca Central UNIBE | 16/04/2025 | RD 868.42 D542de | 250479 | 16/04/2025 | Ej. 2 | 16/04/2025 | Libro (general) |